| 000 | 00968nam a2200229Ia 4500 | ||
|---|---|---|---|
| 999 |
_c36576 _d36576 |
||
| 001 | 2495 | ||
| 003 | GE_BSU | ||
| 005 | 20221227161132.0 | ||
| 008 | 181216s2008||||ge |||||||||||||| ||geo|| | ||
| 020 | _a9789941004582 | ||
| 040 | _cGE_BSU | ||
| 041 | _ageo | ||
| 080 | _a657.222(075.8) მ–58 | ||
| 100 |
_aმესხია, იაკობ _916608 |
||
| 245 |
_aფინანსური აღრიცხვა : _b[სახელმძღვ. სტუდ.] / _cიაკობ მესხია, დეზი მაღლაკელიძე, ნათელა ვაშაკიძე. |
||
| 264 |
_aქუთაისი, _c2008. |
||
| 300 |
_a327გვ.; _b ცხ. ; _c20 სმ. |
||
| 653 | _aფინანსური აღრიცხვა. | ||
| 700 |
_aმაღლაკელიძე, დეზი _eავტორი _915592 |
||
| 700 |
_aვაშაკიძე, ნათელა _eავტორი _915593 |
||
| 942 |
_cBK _2udc |
||